Score 0/25 Timer 06:00
3 Plays Today
% Correct
Addis Ababa
95.7%
Dire Dawa
64.5%
Jima
63.1%
Gonder
62.9%
Harer
62.7%
Adama
61.8%
Dese
54.3%
Awasa
53.6%
Mek'ele
53.4%
Jijiga
51.5%
Bahir Dar
47%
Sodo
43.9%
Dila
39.5%
% Correct
Debre Zeyit
37.7%
Arba Minch
34.9%
Asela
30.4%
Debre Birhan
30.1%
Adigrat
29.5%
Shashemene
29.5%
Debre Markos
27.8%
Nekemte
25.2%
Kembolcha
22.9%
Hosaina
22.4%
Debre Tabor
20.2%
Sebeta
14.9%
Remove Ads.
Support Sporcle.
Get the best of Sporcle when you Go Orange. This ad-free experience offers more features, more stats, and more fun while also helping to support Sporcle. Thank you for becoming a member.

You're not logged in!

Compare scores with friends on all Sporcle quizzes.
OR
Log In

Show Comments

Extras

Top Quizzes Today


Score Distribution

Your Account Isn't Verified!

In order to create a playlist on Sporcle, you need to verify the email address you used during registration. Go to your Sporcle Settings to finish the process.

Report this User

Report this user for behavior that violates our Community Guidelines.

Details: